Top 5 Most Populous Cities by Country of Europe - Statistics

General Stats
  • This quiz has been taken 1,069 times
    38 since last reset
  • The average score is 119 of 220
Answers on the Map
Answers color-coded by a green-red scale on the quiz's map according to % correct below.
 
Answer Stats
Country Population City % Correct
Ireland* 1,263,219 Dublin
97%
Italy 2,754,062 Rome
97%
Germany 3,685,265 Berlin
94%
United Kingdom 9,065,696 London
94%
Russia 13,274,285 Moscow
94%
Italy 905,050 Naples
94%
Norway 728,714 Oslo
94%
France 2,103,778 Paris
94%
Italy 855,654 Turin
94%
Austria 2,042,036 Vienna
94%
Montenegro 15,868 Bar
91%
Spain 1,713,247 Barcelona
91%
United Kingdom 1,161,362 Birmingham
91%
Belgium 198,314 Brussels
91%
Portugal 545,796 Lisbon
91%
United Kingdom 529,561 Liverpool
91%
Spain 3,477,497 Madrid
91%
Italy 1,362,863 Milan
91%
Portugal 231,800 Porto
91%
Albania 389,323 Tirana
91%
Netherlands 1,136,210 Amsterdam
88%
Andorra 21,496 Andorra la Vella
88%
Greece* 3,146,164 Athens
88%
Switzerland 138,489 Bern
88%
Hungary 1,685,209 Budapest
88%
Denmark 1,396,508 Copenhagen
88%
Germany 756,021 Frankfurt am Main
88%
Switzerland 211,030 Geneva
88%
Ukraine 2,952,301 Kyiv
88%
Luxembourg 136,161 Luxembourg
88%
Germany 1,505,005 Munich
88%
Italy 626,273 Palermo
88%
Czech Republic 1,397,880 Prague
88%
Iceland 247,162 Reykjavik
88%
Latvia 591,882 Rīga
88%
Netherlands 868,135 Rotterdam
88%
San Marino 4,158 San Marino
88%
Bosnia and Herzegovina 348,363 Sarajevo
88%
Spain 688,714 Seville
88%
Bulgaria 1,205,548 Sofia
88%
Sweden 995,574 Stockholm
88%
Poland 1,861,599 Warsaw
88%
Croatia 663,592 Zagreb
88%
Switzerland 440,471 Zürich
88%
Belgium 562,002 Antwerp
85%
Serbia 1,197,714 Belgrade
85%
Romania 1,716,961 Bucharest
85%
Germany 1,024,621 Cologne
85%
United Kingdom 646,700 Glasgow
85%
Germany 1,862,565 Hamburg
85%
Finland 694,392 Helsinki
85%
France 886,040 Marseille
85%
France 357,737 Nice
85%
Russia 5,652,922 Saint Petersburg
85%
Liechtenstein 6,109 Vaduz
85%
Spain 841,558 València
85%
Lithuania 607,842 Vilnius
85%
Norway 294,860 Bergen
82%
Slovakia 480,902 Bratislava
82%
Ireland* 222,526 Cork
82%
France 519,127 Lyon
82%
Belarus 1,995,471 Minsk
82%
North Macedonia 422,540 Skopje
82%
Estonia 456,518 Tallinn
82%
Greece* 802,392 Thessaloniki
82%
Moldova 567,038 Chișinău
79%
Slovenia 290,903 Ljubljana
79%
Ukraine 1,010,537 Odesa
79%
Montenegro 173,024 Podgorica
79%
Austria 157,944 Salzburg
79%
Netherlands 851,010 The Hague
79%
Austria 307,043 Graz
76%
Ukraine 1,421,125 Kharkiv
76%
Poland 806,201 Krakow
76%
United Kingdom 564,705 Leeds
76%
Sweden 365,644 Malmö
76%
Kosovo 143,469 Priština
76%
Croatia 149,830 Split
76%
France 514,819 Toulouse
76%
Ukraine 901,645 Donetsk
74%
Sweden 608,993 Gothenburg
74%
Greece* 162,600 Heraklion
74%
Poland 652,015 Łódź
74%
Spain 699,007 Zaragoza
74%
Denmark 301,049 Aarhus
71%
Switzerland 180,075 Basel
71%
Czech Republic 402,739 Brno
71%
Austria 132,811 Innsbruck
71%
Austria 214,484 Linz
71%
Belgium 272,657 Ghent
68%
Netherlands 320,365 Eindhoven
65%
Ireland* 85,910 Galway
65%
Switzerland 145,521 Lausanne
65%
Monaco 8,259 Monte-Carlo
65%
Serbia 260,438 Novi Sad
65%
Netherlands 396,315 Utrecht
65%
Romania 286,598 Cluj-Napoca
62%
Finland 217,469 Oulu
62%
Bulgaria 329,489 Plovdiv
62%
Norway 218,460 Trondheim
62%
Sweden 248,016 Uppsala
62%
Bulgaria 318,737 Varna
62%
Poland 673,743 Wrocław
62%
Hungary 202,130 Debrecen
59%
Lithuania 302,874 Kaunas
59%
Belgium 197,323 Liège
59%
Ireland* 102,287 Limerick
59%
Poland 538,439 Poznań
59%
Bosnia and Herzegovina 135,059 Banja Luka
56%
Portugal 146,543 Braga
56%
Ukraine 968,502 Dnipro
56%
Czech Republic 187,928 Pilsen
56%
Croatia 107,964 Rijeka
56%
Finland 263,337 Tampere
56%
Moldova 130,000 Tiraspol
56%
Denmark 121,878 Aalborg
53%
Slovakia 222,286 Košice
53%
Serbia 178,976 Niš
53%
Denmark 185,480 Odense
53%
Czech Republic 283,187 Ostrava
53%
Norway 151,669 Stavanger
53%
Romania 250,849 Timișoara
53%
Belgium 205,763 Charleroi
50%
Albania 101,728 Durrës
50%
Belarus 501,802 Homieĺ
50%
Romania 271,692 Iași
50%
Slovenia 97,522 Maribor
50%
Liechtenstein 6,297 Schaan
50%
Russia 1,548,187 Yekaterinburg
50%
Croatia 67,309 Zadar
50%
Romania 263,688 Constanța
47%
Finland 325,716 Espoo
47%
Sweden 168,035 Linköping
47%
Bulgaria 189,014 Burgas
44%
Lithuania 160,082 Klaipėda
44%
Russia 1,637,266 Novosibirsk
44%
Hungary 157,282 Szeged
44%
Ireland* 60,079 Waterford
44%
Latvia 78,112 Daugavpils
41%
Russia 1,329,825 Kazan
41%
Malta 25,496 Mosta
41%
Bosnia and Herzegovina 60,195 Mostar
41%
Greece* 196,937 Patras
41%
Estonia 97,304 Tartu
41%
Finland 252,956 Vantaa
41%
Greece* 146,374 Larissa
38%
Iceland 20,467 Akureyri
35%
Belarus 358,717 Hrodna
35%
Croatia 75,535 Osijek
35%
Belarus 359,148 Vitebsk
35%
Albania 66,320 Vlore
35%
Denmark 71,554 Esbjerg
32%
Estonia 52,495 Narva
32%
Albania 66,834 Elbasan
29%
Luxembourg 37,922 Esch-sur-Alzette
29%
Estonia 41,529 Pärnu
29%
Hungary 139,412 Pécs
29%
Kosovo 76,850 Prizren
29%
North Macedonia 69,287 Bitola
26%
Iceland 22,572 Keflavík og Njarðvík
26%
Latvia 67,398 Liepāja
26%
Lithuania 111,018 Šiauliai
26%
Portugal 188,421 Vila Nova de Gaia
26%
Portugal 171,454 Amadora
24%
Czech Republic 108,090 Liberec
24%
Belarus 353,338 Mogilev
24%
San Marino 11,265 Serravalle
24%
Serbia 88,752 Subotica
24%
North Macedonia 63,176 Tetovo
24%
Slovakia 79,873 Žilina
24%
Moldova 90,954 Bălți
21%
Montenegro 20,168 Budva
21%
Slovenia 26,410 Koper
21%
Slovenia 37,966 Kranj
21%
Hungary 141,440 Miskolc
21%
Montenegro 54,394 Nikšić
21%
Slovakia 81,223 Prešov
21%
Bulgaria 122,249 Stara Zagora
21%
Bosnia and Herzegovina 74,457 Tuzla
21%
Moldova 87,000 Bender
18%
Andorra 16,162 Escaldes-Engordany
18%
Latvia 51,933 Jūrmala
18%
Serbia 146,315 Kragujevac
18%
Slovakia 75,301 Nitra
18%
Iceland 11,066 Selfoss
18%
Malta 29,482 Birkirkara
15%
Slovenia 38,059 Celje
15%
Luxembourg 22,203 Dudelange
15%
Andorra 8,817 Encamp
15%
Latvia 54,821 Jelgava
15%
Lithuania 84,392 Panevėžys
15%
North Macedonia 63,308 Prilep
15%
Malta 40,204 Saint Paul's Bay
15%
Liechtenstein 5,786 Triesen
15%
Bosnia and Herzegovina 70,553 Zenica
15%
Iceland 8,607 Akranes
12%
Liechtenstein 4,836 Balzers
12%
Luxembourg 30,789 Differdange
12%
Estonia 32,839 Kohtla-Järve
12%
North Macedonia 75,051 Kumanovo
12%
Andorra 6,300 La Massana
12%
Luxembourg 21,086 Pétange
12%
San Marino 7,006 Borgo Maggiore
9%
San Marino 3,613 Domagnano
9%
Liechtenstein 4,781 Eschen
9%
Kosovo 48,472 Ferizaj
9%
Malta 20,041 Qormi
9%
Andorra 8,312 Sant Julià de Lòria
9%
Norway 133,228 Bærum
6%
Kosovo 41,809 Gjakova
6%
Moldova 26,457 Umgheni
6%
Kosovo 53,279 Gjilan
3%
Monaco 7,087 La Rousse
3%
Montenegro 16,419 Pljevlja
3%
Malta 22,730 Sliema
3%
Monaco 5,141 Condamine
0%
San Marino 2,588 Fiorentino
0%
Monaco 4,420 Fontvielle
0%
Monaco 5,117 Jardin Exotique
0%
Albania 89,395 Kashar
0%
No matching quizzes found
Score Distribution
Percent of People with Each Score
Percentile by Number Answered
Your Score History
You have not taken this quiz since the last reset